Pays les plus médaillés aux Jeux Olympiques d'hiver - Statistiques

Statistiques générales
  • Ce quiz a été pris 29 944 fois
  • Le résultat moyen est 15 sur 19
Statistiques - réponses
O A B Pays % Correct
50 50 61 France
99%
126 133 104 États-Unis
98%
27 36 29 Chine
94%
45 39 34 Russie
94%
132 128 91 Allemagne (+de l'Ouest)
93%
82 79 85 Canada
93%
22 36 42 Japon
92%
73 57 65 Suède
92%
166 146 135 Norvège
91%
52 49 70 Italie
89%
45 66 70 Finlande
88%
69 56 66 Suisse
82%
15 6 18 Grande-Bretagne
79%
76 97 96 Autriche
71%
36 34 19 Corée du Sud
70%
63 56 48 Pays-Bas
70%
87 63 67 Union Soviétique
58%
12 13 14 République Tchèque
47%
39 36 35 Allemagne de l'Est
37%
Aucun quiz correspondant
Distribution des résultats
% des personnes avec chaque résultat
Percentile par nombre de réponses
Votre historique - résultats
Vous n’avez pas pris ce quiz